Ortografía Ejercicios léxico ortográficos

Bibliographic Details
Main Author: Paredes, Elia Acacia
Format: Section = Libro
Language:Undetermined
Spanish
Published: México Limusa 2001
Subjects:
LEADER 00509nam a2200193Ia 4500
008 240829s9999 xx 000 0 und d
020 |a 968-18-4351-7 
040 |a BIBLIOTECA-RUSB/ 411 P227 
041 |a spa 
082 |a 411 P227 
100 1 |a Paredes, Elia Acacia 
245 1 0 |a Ortografía Ejercicios léxico ortográficos 
260 |a México  |b Limusa  |c 2001 
300 |a 286 p. :il. 
650 7 |a ORTOGRAFIA 
650 7 |b  PUNTUACION/EJERCICIONS Y SOLUCION 
942 |c BK  |2 ddc 
991 |a TEXTO 
999 |c 1199